[Event "St Ingbert op"]
[Site "St Ingbert"]
[Date "1990.??.??"]
[Round "4"]
[White "Leko, Peter"]
[Black "Pytel, Krzysztof"]
[Result "0-1"]
[WhiteElo "2240"]
[BlackElo "2400"]

1.e4 c6 2.Nc3 d5 3.Nf3 g6 4.d4 Bg7 5.h3 Nh6 6.Be2 f6 7.Bf4 Nf7 8.Qd2 O-O
9.O-O-O b5 10.exd5 b4 11.Na4 cxd5 12.Nc5 Nc6 13.Rhe1 e5 14.Be3 e4 15.Ng1 f5
16.g3 g5 17.Bb5 Qf6 18.Bxc6 Qxc6 19.Qxb4 Ba6 20.h4 f4 21.gxf4 gxh4 22.Nh3 Rab8
23.Qa3 Bc8 24.Ng5 Nxg5 25.fxg5 Bg4 26.f3 Bxf3 27.Rd2 h3 28.Qa6 Rb6 29.Qf1 Bg2
30.Qg1 Rxb2 31.Kxb2 Qxc5 32.Rxg2 hxg2 33.Kc1 Qc3 34.Bf2 Rxf2  0-1

[Event "St Ingbert op"]
[Site "St Ingbert"]
[Date "1990.??.??"]
[Round "5"]
[White "Schmidt, Rainer"]
[Black "Leko, Peter"]
[Result "1/2-1/2"]
[WhiteElo "2005"]
[BlackElo "2240"]

1.d4 Nf6 2.c4 g6 3.Nc3 d5 4.Nf3 Bg7 5.cxd5 Nxd5 6.e4 Nxc3 7.bxc3 c5 8.Rb1 O-O
9.Be2 cxd4 10.cxd4 Qa5+ 11.Bd2 Qxa2 12.O-O Bg4 13.Bg5 Nd7 14.h3 Bxf3 15.Bxf3 e6
16.Rxb7 Nb6 17.d5 Rab8 18.Rxb8 Rxb8 19.Be7 Bf8 20.d6 e5 21.Qa1 Qxa1 22.Rxa1 Nc8
23.Bxf8 Kxf8 24.d7 Nb6 25.Rxa7 Rd8 26.Bg4  1/2-1/2

[Event "AUT-chT"]
[Site "?"]
[Date "1991.??.??"]
[Round "?"]
[White "Leko, Peter"]
[Black "Janetschek, Karl"]
[Result "1/2-1/2"]
[WhiteElo "2255"]
[BlackElo "2345"]

1.e4 c5 2.Nf3 e6 3.d4 cxd4 4.Nxd4 Nf6 5.Nc3 d6 6.f4 Be7 7.Qf3 a6 8.Bd3 Qc7
9.g4 Nc6 10.Nb3 b5 11.Be3 Bb7 12.O-O-O O-O-O 13.g5 Nd7 14.Kb1 Nc5 15.h4 Kb8
16.h5 Nb4 17.Qf2 Nbxd3 18.cxd3 Rd7 19.Rh2 b4 20.Ne2 Rc8 21.Nec1 a5 22.Qe1 a4
23.Nd4 Qb6 24.Nc2 b3 25.Na3 Ba6 26.Bd4 Rdc7 27.axb3 axb3 28.Qe3 Qb7 29.Bxc5 dxc5
30.Nc4 Qb5 31.Qd2 Rb7 32.Qc3 Qa4 33.Qa5 Qc6 34.Ne5 Qd6 35.Qc3 c4 36.Rhd2 cxd3
37.Qa5 Rc5 38.Qa3 Rc2 39.Qxd6+ Bxd6 40.Nexd3 Rxd2 41.Rxd2 Bc4 42.Rd1 Rb5
43.Ne2 Rb6 44.e5 Be7 45.Nc3 Rb7 46.Nf2 Kc7 47.Nfe4 Rb4 48.Rd4 Bf1 49.Rxb4 Bxb4
50.Kc1 Bd3 51.Nf2 Bf1 52.Kd2 Kc6 53.Ne4 Bg2 54.Kd3 Bf3 55.Ng3 Bc5 56.Nce4 Bg1
57.Nd2 Bd1 58.Ndf1 Kc5 59.Ne3 Bf3 60.Nef1 Kd5 61.Ne3+ Kc5 62.Nef1 Kb4 63.Nd2 Bd1
64.Ndf1 Bc2+ 65.Kd2 Bd4 66.Ne3 Bb1 67.Nd1 Bc2 68.Ne3 Bb1  1/2-1/2

[Event "AUT-chT"]
[Site "?"]
[Date "1991.??.??"]
[Round "?"]
[White "Herzog, Adolf"]
[Black "Leko, Peter"]
[Result "1-0"]
[WhiteElo "2350"]
[BlackElo "2255"]

1.d4 Nf6 2.Nf3 g6 3.Bf4 Bg7 4.Nc3 d5 5.Qd2 c6 6.Bh6 Bxh6 7.Qxh6 e6 8.e4 dxe4
9.Ng5 Qe7 10.Ngxe4 Nbd7 11.Bd3 b6 12.a4 a5 13.O-O Bb7 14.Rfe1 O-O-O 15.Qf4 Nxe4
16.Nxe4 Nb8 17.Ng5 Rd7 18.c3 Na6 19.Bxa6 Bxa6 20.Nf3 Rhd8 21.Rab1 Bd3 22.Ne5 Bxb1
23.Nxc6 Qd6 24.Qxd6 Rxd6 25.Nxd8 Rxd8 26.Rxb1 Rd5 27.Kf1 Kc7 28.Ke2 e5 29.Kd3 exd4
30.cxd4 Rh5 31.h3 Rg5 32.g4 Rd5 33.Re1 Kd7 34.Kc4 Rd6 35.g5 Rc6+ 36.Kd3 Rc8
37.Re3 Rc6 38.Rf3 Ke7 39.d5 Rc1 40.Rf6 Rd1+ 41.Kc4 Rc1+ 42.Kb3 Rc5 43.d6+ Ke8
44.h4 b5 45.d7+ Kxd7 46.Rxf7+ Ke6 47.Rxh7 bxa4+ 48.Kxa4 Kf5 49.f3 Kf4 50.Rg7 Rc2
51.Rxg6 Kxf3 52.Rb6 Kg4 53.g6 Kxh4 54.g7  1-0

[Event "Dortmund-D"]
[Site "Dortmund"]
[Date "1991.??.??"]
[Round "4"]
[White "Leko, Peter"]
[Black "Micic, Jordanka"]
[Result "1-0"]
[WhiteElo "2255"]
[BlackElo "2275"]

1.e4 e5 2.Nf3 Nc6 3.d4 exd4 4.Nxd4 Nf6 5.Nxc6 bxc6 6.e5 Qe7 7.Qe2 Nd5 8.c4 Ba6
9.b3 g6 10.Bb2 Bg7 11.Nd2 O-O 12.O-O-O Rfe8 13.Nf3 Rab8 14.Qd2 Nb6 15.Qa5 Bb7
16.Bd3 c5 17.Rhe1 Bxf3 18.gxf3 Qg5+ 19.Kc2 Bxe5 20.Qxc5 d6 21.Qa5 Qf4 22.Bxe5 dxe5
23.Be4 Qxh2 24.Rd2 Rbd8 25.Red1 Rxd2+ 26.Rxd2 h5 27.c5 Nc8 28.Qxc7 Kg7 29.Qd7 Rh8
30.Bb7 h4 31.Bxc8 h3 32.Qb7 Qg1 33.Bxh3 Rxh3 34.c6 Rh1 35.c7 a5 36.Kc3 Qa1+
37.Kc4 Rc1+ 38.Kb5 Qc3 39.Rd7 Qc5+ 40.Ka6 Kh6 41.Qb6 Qc2 42.Kb7 a4 43.Qe3+ g5
44.Qxc1  1-0

[Event "Dortmund-D"]
[Site "Dortmund"]
[Date "1991.??.??"]
[Round "5"]
[White "Libeau, Rene"]
[Black "Leko, Peter"]
[Result "1/2-1/2"]
[WhiteElo "2360"]
[BlackElo "2255"]

1.c4 Nf6 2.Nf3 g6 3.Nc3 d5 4.cxd5 Nxd5 5.e4 Nxc3 6.dxc3 Qxd1+ 7.Kxd1 f6 8.Be3 e5
9.Nd2 Be6 10.Bc4 Bxc4 11.Nxc4 Nd7 12.b4 O-O-O 13.Kc2 Be7 14.a4 Kb8 15.Rhd1 Nb6
16.Nxb6 axb6  1/2-1/2

[Event "Dortmund-D"]
[Site "Dortmund"]
[Date "1991.??.??"]
[Round "6"]
[White "Leko, Peter"]
[Black "Buecker, Stefan"]
[Result "0-1"]
[WhiteElo "2255"]
[BlackElo "2345"]

1.e4 e5 2.Nf3 d6 3.d4 Nf6 4.Nc3 Nbd7 5.Bc4 Be7 6.O-O O-O 7.h3 c6 8.a4 Qc7
9.Qe2 exd4 10.Nxd4 Re8 11.Bf4 Ne5 12.Bb3 Bd8 13.Rfe1 Qe7 14.Kh1 Ba5 15.Bh2 Qf8
16.Rad1 Bd7 17.Nf3 Bc7 18.Ng5 Re7 19.f4 Ng6 20.Qf1 Be8 21.e5 dxe5 22.f5 Nf4
23.Bxf4 exf4 24.Rxe7 Qxe7 25.Re1 Qd7 26.Rxe8+ Rxe8 27.Bxf7+ Qxf7 28.Nxf7 Nh5
29.Nh6+ gxh6 30.Qd1 Ng3+ 31.Kg1 Kf7 32.Kf2 Rd8 33.Qe1 Nxf5 34.Qe4 Kf6 35.Ne2 Rd1
36.Qb4 Bd6 37.Qc3+ Be5 38.Qb4 Nd6 39.Nxf4 Rd4 40.Nh5+ Kg6 41.Qa5 Rd5 42.Qb4 Bd4+
43.Kf3 Kxh5 44.c3 a5 45.Qb3 Bc5 46.g4+ Kh4 47.Qc2 Nf7 48.Kg2 Ng5 49.Qc1 Re5
50.Qd2 Re6 51.b4 Ba7 52.Qd3 Re3 53.Qd2 Rg3+  0-1

[Event "Dortmund-D"]
[Site "Dortmund"]
[Date "1991.??.??"]
[Round "7"]
[White "Stein, Bernd"]
[Black "Leko, Peter"]
[Result "1/2-1/2"]
[WhiteElo "2370"]
[BlackElo "2255"]

1.b3 d5 2.Bb2 c5 3.e3 Nf6 4.Nf3 e6 5.Be2 Bd6 6.c4 O-O 7.O-O Nc6 8.cxd5 exd5
9.d4 Be6 10.dxc5 Bxc5 11.Nc3 Qe7 12.Rc1 Rfd8 13.Nb5 Ne4 14.Nbd4 Nxd4 15.Nxd4 Rac8
16.Bd3 Bd6 17.Qh5 Qg5 18.Qxg5 Nxg5 19.f3 Bd7 20.Kf2 Ne6 21.Nf5 Bf8 22.Be5 Bc6
23.Nd4 Nxd4 24.Bxd4 g6 25.a4 Ra8 26.Rfd1 a6 27.Be2 Bg7 28.f4 Rd7 29.g4 h6
30.h4 Kf8 31.a5 Bxd4 32.Rxd4 Ke7 33.Rc5 Rd6 34.Bf3 Rad8 35.g5 hxg5 36.hxg5 R8d7
37.Ke1 Rd8 38.Kd2 R8d7 39.Rc1 Rd8 40.Rh1 Re8 41.Rh7 Rf8 42.Kc3 Re6 43.Kd3 Rd6
44.Kd2 Rg8 45.Bg4 Rf8 46.Kc3 Bd7 47.Bf3 Rc8+ 48.Kd2 Be6 49.Rb4 Rd7  1/2-1/2

[Event "Dortmund-D"]
[Site "Dortmund"]
[Date "1991.??.??"]
[Round "8"]
[White "Leko, Peter"]
[Black "Mainka, Gregor"]
[Result "1-0"]
[WhiteElo "2255"]
[BlackElo "2350"]

1.e4 e6 2.d4 d5 3.Nd2 b6 4.e5 c5 5.c3 Ne7 6.Ndf3 Nec6 7.Nh3 Ba6 8.Bxa6 Nxa6
9.O-O Nc7 10.Nf4 h5 11.h4 Be7 12.g3 g6 13.Be3 c4 14.b3 b5 15.a4 Na5 16.Nd2 cxb3
17.Nxb3 Nc4 18.axb5 Nxb5 19.Qd3 Qd7 20.Nd2 Rc8 21.Nxc4 Rxc4 22.Bd2 Qc7 23.Ra6 Nxc3
24.Rfa1 Ne4 25.Rxa7 Qc6 26.R1a6 Qb5 27.Ra8+ Bd8 28.Rxd8+ Kxd8 29.Ra8+ Ke7
30.Rxh8 Nxd2 31.Qxd2 Qb1+ 32.Kg2 Qe4+ 33.Kh2 Rc2 34.Qa5  1-0

[Event "Dortmund-D"]
[Site "Dortmund"]
[Date "1991.??.??"]
[Round "9"]
[White "Schwartzman, Gabriel"]
[Black "Leko, Peter"]
[Result "1-0"]
[WhiteElo "2325"]
[BlackElo "2255"]

1.c4 Nf6 2.Nc3 d5 3.cxd5 Nxd5 4.g3 g6 5.Bg2 c6 6.Nf3 Bg7 7.O-O O-O 8.d4 Nd7
9.Nxd5 cxd5 10.Bf4 Qb6 11.Qb3 Qa6 12.e3 Nb6 13.Rfc1 Nc4 14.Qb4 Bf6 15.b3 Qb6
16.Qxb6 Nxb6 17.Rc7 e6 18.Bh6 Bd8 19.Rc2 Re8 20.Bf1 f6 21.a4 Bd7 22.a5 Nc8
23.a6 b6 24.Bf4 g5 25.Bc7 Be7 26.e4 dxe4 27.Nd2 f5 28.Nc4 Bb5 29.Nxb6 Bd3
30.Nxa8 Bxc2 31.Bb5 Rf8 32.Bc4 Kf7 33.d5 exd5 34.Bxd5+ Kg6 35.Rc1 Bd3 36.Be5 Bf6
37.Bxf6 Kxf6 38.Bb7 Nd6 39.Rc6 Ke5 40.Rc5+ Kf6 41.Rc6 Ke5 42.Rc5+ Ke6 43.Bd5+ Kf6
44.Nc7 Rb8 45.Rc3 Ke5 46.Rc5 Kf6 47.Kg2 h5 48.Be6 Rh8 49.Bd7 Rd8 50.Bc6 Rc8
51.Bd7 Rd8 52.Ba4 Be2 53.Nd5+ Ke6 54.b4 h4 55.Bb3 Bf3+ 56.Kf1 hxg3 57.fxg3 Rh8
58.Kg1 Ke5 59.Ne3+ Kd4 60.Nc2+ Kd3 61.Ne1+ Ke3 62.Rd5 Rh6 63.b5 f4 64.Nc2+ Ke2
65.Nd4+ Ke3 66.Nc2+ Ke2 67.gxf4 gxf4 68.Nd4+ Ke3 69.Rxd6 Rxd6 70.Nf5+ Kd2
71.Nxd6 e3 72.Nc4+ Kc3 73.Ne5 Be2 74.b6 axb6 75.a7 f3 76.Ng4 f2+ 77.Nxf2 Bf3
78.Bd1 Ba8 79.h4 b5 80.Ng4 Kd2 81.Nxe3 Kxe3 82.h5  1-0

[Event "Dortmund-D"]
[Site "Dortmund"]
[Date "1991.??.??"]
[Round "10"]
[White "Leko, Peter"]
[Black "Hoffmann, Michael"]
[Result "1/2-1/2"]
[WhiteElo "2255"]
[BlackElo "2370"]

1.e4 c6 2.Nc3 d5 3.Nf3 dxe4 4.Nxe4 Nf6 5.Nxf6+ gxf6 6.d4 Bg4 7.Be2 Qc7 8.Be3 Nd7
9.Nh4 Bxe2 10.Qxe2 e6 11.O-O-O O-O-O 12.g3 f5 13.Kb1 h5 14.Ng2 Bg7 15.h4  1/2-1/2

[Event "Kecskemet GM"]
[Site "Kecskemet"]
[Date "1991.??.??"]
[Round "1"]
[White "Leko, Peter"]
[Black "Blatny, Pavel"]
[Result "0-1"]
[WhiteElo "2255"]
[BlackElo "2495"]

1.e4 e5 2.Nf3 Nc6 3.d4 exd4 4.Nxd4 Bc5 5.Nb3 Bb6 6.Nc3 Nf6 7.Be2 O-O 8.Bg5 Re8
9.O-O h6 10.Bxf6 Qxf6 11.Kh1 d6 12.f4 Be6 13.Qd2 Nd4 14.Bd3 Rad8 15.Rae1 h5
16.Nxd4 Bxd4 17.Nd1 c6 18.c3 Bb6 19.a3 Qh6 20.Qc2 Re7 21.Ne3 Rde8 22.Nc4 Bc7
23.Nd2 Bc8 24.Qc1 d5 25.e5 g5 26.fxg5 Qxg5 27.Ne4 Qxe5 28.Ng3 Qh8 29.Rxe7 Rxe7
30.Bf5 h4 31.Bxc8 hxg3 32.h3 Qh4 33.c4 d4 34.Qd1 Be5 35.c5 Bg7 36.Bf5 Bh6
37.Bc2 Be3 38.Qd3 Bf2 39.Qf5 Kg7 40.b4 Re6 41.Bd3 Rf6 42.Qe5 Qf4 43.Qh5 Rh6
44.Qe2 Rxh3+  0-1

[Event "Kecskemet GM"]
[Site "Kecskemet"]
[Date "1991.??.??"]
[Round "2"]
[White "Stajcic, Nikola"]
[Black "Leko, Peter"]
[Result "1/2-1/2"]
[WhiteElo "2345"]
[BlackElo "2255"]

1.d4 Nf6 2.Nf3 g6 3.c3 Bg7 4.Bg5 d6 5.h3 O-O 6.Nbd2 Nbd7 7.e4 e5 8.Bd3 Qe7
9.O-O h6 10.Be3 c6 11.dxe5 Nxe5 12.Nxe5 dxe5 13.Be2 Rd8 14.Qc2 Nd7 15.Rfd1 Nc5
16.Nb3 Ne6 17.Rxd8+ Qxd8 18.g3 Bf8 19.Rd1 Qc7 20.h4 h5 21.Qd2 b6 22.Kh2 Bb7
23.Qd7 Qxd7 24.Rxd7 Bc8 25.Rd2 Be7 26.Kg2 Kf8 27.f3 Ke8 28.Kf2 Bb7 29.Ke1 Rd8  1/2-1/2

[Event "Kecskemet GM"]
[Site "Kecskemet"]
[Date "1991.??.??"]
[Round "4"]
[White "Leko, Peter"]
[Black "Hracek, Zbynek"]
[Result "0-1"]
[WhiteElo "2255"]
[BlackElo "2485"]

1.e4 c5 2.Nf3 d6 3.d4 cxd4 4.Nxd4 Nf6 5.Nc3 a6 6.Be3 e6 7.f4 b5 8.Qf3 Bb7
9.Bd3 Qc7 10.g4 Nbd7 11.O-O-O Nc5 12.Kb1 Nfd7 13.g5 g6 14.h4 b4 15.Nce2 O-O-O
16.h5 Bg7 17.Ng3 Kb8 18.Rh2 Rc8 19.Qf2 e5 20.Nb3 exf4 21.Bxf4 Ne5 22.h6 Bf8
23.Qe2 Nexd3 24.cxd3 Ne6 25.Be3 Be7 26.Rc1 Qd7 27.Rf1 Bxg5 28.Bxg5 Nxg5 29.Qd2 Qb5
30.Ne2 a5 31.Rf6 Rhd8 32.Rhf2 Rc7 33.Ned4 Qe5 34.Nf3 Nxe4 35.Nxe5 Nxd2+ 36.Nxd2 dxe5
37.Rxf7 Rxd3 38.Rxc7 Kxc7 39.Nc4 Rf3 40.Rxf3 Bxf3 41.Nxe5 Bd5 42.a3 Kd6 43.Ng4 g5
44.axb4 axb4 45.Kc2 Be6 46.Nf2 Kd5 47.Kd3 Bf5+ 48.Kd2 g4 49.Nh1 Ke4 50.Ke2 Kf4
51.Kf2 Kg5 52.Ng3 Bc2 53.Ke3 Kxh6 54.Kf4 Bd1 55.Nf5+ Kh5 56.Ne3 Be2 57.Nd5 Kh4
58.Nxb4 g3 59.Ke3 Bc4 60.Nc2 Kh3 61.Ne1 Bd5 62.Kf4 h5 63.Kg5 h4 64.Nd3 g2
65.Nf4+ Kg3 66.Ne2+ Kf2 67.Nf4  0-1

[Event "Kecskemet GM"]
[Site "Kecskemet"]
[Date "1991.??.??"]
[Round "5"]
[White "Krizsany, Laszlo"]
[Black "Leko, Peter"]
[Result "1/2-1/2"]
[WhiteElo "2335"]
[BlackElo "2255"]

1.e4 e6 2.d4 d5 3.exd5 exd5 4.Bd3 Bd6 5.Nf3 Ne7 6.O-O O-O 7.Re1 Re8 8.Nbd2 Ng6
9.Rxe8+ Qxe8 10.Nf1 Bg4 11.c3 c6 12.h3  1/2-1/2

[Event "Kecskemet GM"]
[Site "Kecskemet"]
[Date "1991.??.??"]
[Round "6"]
[White "Leko, Peter"]
[Black "Tratar, Marko"]
[Result "1-0"]
[WhiteElo "2255"]
[BlackElo "2340"]

1.e4 c5 2.Nf3 d6 3.d4 cxd4 4.Nxd4 Nf6 5.Nc3 e6 6.f4 a6 7.Qf3 Qb6 8.a3 Nc6
9.Nxc6 bxc6 10.b3 Be7 11.Bd3 e5 12.f5 h5 13.Be3 Qc7 14.O-O Ng4 15.Bd2 Bb7
16.g3 Rd8 17.Kg2 d5 18.Rfe1 Nf6 19.Re2 O-O 20.h3 Rfe8 21.g4 dxe4 22.Nxe4 c5
23.Rf1 c4 24.bxc4 Nxe4 25.Bxe4 Bxe4 26.Qxe4 Rd4 27.Qf3 hxg4 28.hxg4 Qxc4
29.Kh3 e4 30.Qf2 Bxa3 31.Be3 Rd5 32.Rfe1 f6 33.Kg2 Bc5 34.Rh1 Bxe3 35.Qxe3 Qc7
36.Qb3 Qf7 37.Qh3 Kf8 38.Qa3+ Qe7 39.Rh8+ Kf7 40.Qb3  1-0

[Event "Kecskemet GM"]
[Site "Kecskemet"]
[Date "1991.??.??"]
[Round "8"]
[White "Leko, Peter"]
[Black "Klaric, Zlatko"]
[Result "1-0"]
[WhiteElo "2255"]
[BlackElo "2395"]

1.e4 e5 2.Nf3 Nc6 3.Bb5 Nd4 4.Nxd4 exd4 5.O-O Bc5 6.f4 Qh4 7.d3 c6 8.Ba4 d6
9.Nd2 f5 10.Nf3 Qh5 11.Qe1 Ne7 12.b4 Bb6 13.e5 Qh6 14.Bb2 O-O 15.Bb3+ Kh8
16.Ng5 d5 17.Rf3 Qg6 18.Rh3 h6 19.Nf3 a5 20.a3 a4 21.Ba2 c5 22.bxc5 Bxc5
23.Bxd4 Bxd4+ 24.Nxd4 Qb6 25.Qb4 Qxb4 26.axb4 Nc6 27.Nxc6 bxc6 28.d4 Ba6
29.Ra3 Rfb8 30.Rxa4 Bb5 31.Ra5 Rxa5 32.bxa5 Ra8 33.Bb3 Kg8 34.Kf2 Kf7 35.h3 Ke6
36.g4 g5 37.Kf3 Ra7 38.Ke3 gxf4+ 39.Kxf4 Rf7 40.gxf5+ Rxf5+ 41.Ke3 c5 42.a6 cxd4+
43.Kxd4 Bc6 44.a7 Rf4+ 45.Kc5 Ba8 46.Ra6+ Kxe5 47.Rxh6 Rf7 48.Kb6 Rf8 49.Ba4 Rf1
50.Bc6  1-0

[Event "Kecskemet GM"]
[Site "Kecskemet"]
[Date "1991.??.??"]
[Round "12"]
[White "Leko, Peter"]
[Black "Ivanov, Oleg"]
[Result "1/2-1/2"]
[WhiteElo "2255"]
[BlackElo "2390"]

1.e4 e6 2.d4 d5 3.Nd2 c5 4.exd5 exd5 5.Bb5+ Bd7 6.Bxd7+ Nxd7 7.Ngf3 Ngf6
8.O-O Be7 9.dxc5 Nxc5 10.Nd4 Qd7 11.N2b3  1/2-1/2

[Event "Nettetal"]
[Site "Nettetal"]
[Date "1991.??.??"]
[Round "2"]
[White "Leko, Peter"]
[Black "Arkhipov, Sergey"]
[Result "1-0"]
[WhiteElo "2255"]
[BlackElo "2500"]

1.e4 e6 2.d4 d5 3.Nd2 Nf6 4.e5 Nfd7 5.Bd3 c5 6.c3 Nc6 7.Ne2 cxd4 8.cxd4 Qb6
9.Nf3 f6 10.exf6 Nxf6 11.O-O Bd6 12.Nc3 Bd7 13.Bg5 O-O 14.a3 Kh8 15.Na4 Qc7
16.Rc1 Be8 17.b4 Bh5 18.b5 Ne4 19.Be3 Qe7 20.bxc6 Bxf3 21.gxf3 Qh4 22.f4 Rxf4
23.Bxf4 Bxf4 24.Kg2 Ng5 25.Rh1 bxc6 26.h3 Bxc1 27.Qxc1 Rf8 28.Qe3 Rf3 29.Rb1 Qxh3+
30.Kg1 Qg4+ 31.Kf1 Qh3+ 32.Kg1 Qg4+ 33.Kf1 Rf8 34.Be2 Qh4 35.Kg2 Nh3 36.Bf3 Nf4+
37.Kf1 h6 38.Nc5 Qh3+ 39.Ke1 Qf5 40.Rb3 Rf7 41.Nd3 Nxd3+ 42.Qxd3 Qf4 43.Qe3 Qd6
44.Ke2 Kg8 45.Bg4 Re7 46.Qe5 Qxe5+ 47.dxe5 c5 48.Rb5 c4 49.Rc5 Kf7 50.Rc6 g6
51.f4 h5 52.Bh3 a5 53.Ke3 a4 54.Kd4 h4 55.Rb6 Rc7 56.Bxe6+ Kg7 57.Bxd5 c3
58.Rb1 h3 59.Rc1 c2 60.Be4 h2 61.Kd3 Rd7+ 62.Kc3 Rd1 63.Kxc2 Rd4 64.Bh1 Rxf4
65.Kd3 Rg4 66.Rc2 Rg3+ 67.Kd4 Rxa3 68.Rxh2 Ra1 69.Bd5 a3 70.Kc5 g5 71.Kd6 Re1
72.Rh3 Ra1 73.Re3 g4 74.e6 a2 75.Re2 g3 76.e7 Rd1 77.Rxa2 g2 78.Rxg2+ Kf6
79.Rf2+  1-0

[Event "Nettetal"]
[Site "Nettetal"]
[Date "1991.??.??"]
[Round "5"]
[White "Schaefer, Markus"]
[Black "Leko, Peter"]
[Result "1/2-1/2"]
[WhiteElo "2400"]
[BlackElo "2255"]

1.e4 c5 2.Nf3 d6 3.d4 cxd4 4.Nxd4 Nf6 5.Nc3 Nc6 6.g3 Qb6 7.Nxc6 bxc6 8.Bg2 Ba6
9.b3 e5 10.Na4 Qc7 11.c4 Be7 12.O-O O-O 13.Re1 Rad8 14.Qc2 Bb7 15.Bb2 Nd7
16.Rad1 Nb6 17.Nc3 a5 18.Ne2 Nd7 19.Nc1 Nc5 20.Nd3 Nxd3 21.Rxd3  1/2-1/2

[Event "Nettetal"]
[Site "Nettetal"]
[Date "1991.??.??"]
[Round "8"]
[White "Leko, Peter"]
[Black "Caessens, Rob"]
[Result "1/2-1/2"]
[WhiteElo "2255"]
[BlackElo "2325"]

1.e4 e5 2.Nf3 Nc6 3.d4 exd4 4.Nxd4 Bc5 5.Nb3 Bb6 6.Nc3 d6 7.Be2 h6 8.O-O Nf6
9.Kh1 O-O 10.f4 Re8 11.Bf3 Be6 12.Re1 Qd7 13.Be3 Bg4 14.Bxb6 Bxf3 15.Qxf3 axb6
16.a3 Qe6 17.Re2 Qc4 18.Qd3 Qxd3 19.cxd3 Na5 20.Nd4 Rad8 21.Kg1 Kf8 22.Kf2 Nc6
23.Nb3 Na5 24.Nd4  1/2-1/2

[Event "Nettetal"]
[Site "Nettetal"]
[Date "1991.??.??"]
[Round "9"]
[White "Schneider, B."]
[Black "Leko, Peter"]
[Result "1-0"]
[WhiteElo "2455"]
[BlackElo "2255"]

1.d4 Nf6 2.Nc3 d5 3.Bg5 g6 4.Qd2 Nbd7 5.O-O-O c6 6.f3 h6 7.Bxf6 Nxf6 8.e4 h5
9.e5 Ng8 10.Bd3 Nh6 11.Kb1 Bf5 12.Nge2 Bxd3 13.Qxd3 e6 14.Nf4 Qd7 15.Qe2 O-O-O
16.g4 hxg4 17.fxg4 Be7 18.Rd3 Rh7 19.h4 Rg8 20.Rdh3 Kb8 21.Na4 b6 22.Rb3 Qc7
23.Rhh3 Rc8 24.h5 g5 25.Nd3 Ka8 26.Ndc5 Bxc5 27.dxc5 b5 28.Nc3 Rb8 29.a4 a6
30.axb5 axb5 31.Nxb5 cxb5 32.Rxb5 Rb7 33.Rxb7 Kxb7 34.Rb3+ Kc8 35.Qa6+ Kd8
36.Qa8+ Kd7 37.Rb7 Nxg4 38.Qa4+  1-0

[Event "Nettetal"]
[Site "Nettetal"]
[Date "1991.??.??"]
[Round "11"]
[White "Leko, Peter"]
[Black "Backwinkel, Paul"]
[Result "1-0"]
[WhiteElo "2255"]
[BlackElo "2355"]

1.e4 c5 2.Nf3 e6 3.d4 cxd4 4.Nxd4 Nf6 5.Nc3 Nc6 6.Ndb5 d6 7.Bf4 e5 8.Bg5 a6
9.Na3 Be6 10.Nd5 Bxd5 11.Bxf6 Qa5+ 12.c3 Bxe4 13.Nc4 Qc7 14.Bxg7 Bxg2 15.Bxg2 Bxg7
16.Nxd6+ Ke7 17.Nf5+ Kf8 18.Qg4 Rg8 19.Bxc6 bxc6 20.Rg1 Qb6 21.Nxg7 Qxb2
22.Rd1 Qxc3+ 23.Kf1 Qc2 24.Ne6+ Ke7 25.Ng5 Ra7 26.Qe2 Qxe2+ 27.Kxe2 Rb7 28.Rg3 Rb2+
29.Rd2 Rxd2+ 30.Kxd2 h6 31.Ne4 Rd8+ 32.Rd3 Rg8 33.Ng3 Ke6 34.Ra3 Ra8 35.Ra5 f5
36.Ke2 Ra7 37.Nf1 h5 38.Nd2 e4 39.Nb3  1-0

[Event "Balatonbereny op"]
[Site "Balatonbereny"]
[Date "1992.??.??"]
[Round "4"]
[White "Szalanczy, Emil"]
[Black "Leko, Peter"]
[Result "1-0"]
[WhiteElo "2370"]
[BlackElo "2460"]

1.e4 c5 2.Nf3 Nc6 3.d4 cxd4 4.Nxd4 g6 5.Nc3 Bg7 6.Be3 Nf6 7.Bc4 O-O 8.Bb3 a5
9.a4 Ng4 10.Qxg4 Nxd4 11.Qh4 Nxb3 12.cxb3 Ra6 13.O-O Re6 14.Rad1 b6 15.Bd4 Bb7
16.Bxg7 Kxg7 17.Rd4 Bc6 18.Rfd1 f5 19.f3 Qe8 20.b4 fxe4 21.Nxe4 Bxe4 22.Rxe4 Rxe4
23.Qxe4 d6 24.b5 Rf6 25.Re1 Kf7 26.Qd5+ Kf8 27.Qb7 d5 28.Qxd5 Qc8 29.Qe5 Qd7
30.h3 Kf7 31.b3 Qd6 32.Kf2 Qd2+ 33.Re2 Qd7 34.Qe3 Rd6 35.Qh6 Kg8 36.Qg5 Kf7
37.h4 Rd1 38.Qf4+ Kg7 39.Re4 Qd2+ 40.Qxd2 Rxd2+ 41.Re2 Rd7 42.Re6 Rb7 43.Ke3 Kf7
44.Rc6 e6 45.Ke4 Kf6 46.g4 h6 47.f4  1-0

[Event "Balatonbereny op"]
[Site "Balatonbereny"]
[Date "1992.??.??"]
[Round "6"]
[White "Lirindzakis, Timotheos"]
[Black "Leko, Peter"]
[Result "0-1"]
[WhiteElo "2325"]
[BlackElo "2460"]

1.c4 e5 2.Nc3 Bb4 3.Nd5 Bc5 4.Nf3 c6 5.Nc3 Qe7 6.d4 exd4 7.Nxd4 Nf6 8.e3 O-O
9.Be2 Na6 10.O-O Bb6 11.b3 Bc7 12.Bb2 d6 13.Bf3 Bd7 14.a3 Nc5 15.Qc2 Rfe8
16.Nde2 Nce4 17.Nxe4 Nxe4 18.Ng3 Nxg3 19.hxg3 Qg5 20.Rad1 Bf5 21.Qc3 Re6
22.Rd4 Rae8 23.Rf4 f6 24.Rd1 Bb6 25.Bc1 Bg6 26.Bg4 R6e7 27.b4 Bc7 28.Bf3 Be4
29.Bxe4 Rxe4 30.Rxe4 Rxe4 31.Rd4 Qe5 32.Qd3 Rxd4 33.Qxd4 Qxd4 34.exd4 d5
35.c5 h5 36.Kf1 Kf7 37.Ke2 Ke6 38.Kf3 Kf5 39.Bd2 g5 40.Be1 Bd8 41.Ke3 Be7
42.f3 Bf8 43.Kd3 Be7 44.Ke3 Bd8 45.Kd3 Bc7 46.Ke2 g4 47.Kd3 Kg5 48.Bd2+ Kg6
49.Be1 gxf3 50.gxf3 f5 51.Ke2 Kg5 52.Kf2 f4 53.gxf4+ Bxf4 54.a4 a6  0-1

[Event "Budapest GM"]
[Site "Budapest"]
[Date "1992.??.??"]
[Round "?"]
[White "Yilmaz, Turham"]
[Black "Leko, Peter"]
[Result "1-0"]
[WhiteElo "2390"]
[BlackElo "2385"]

1.e4 c5 2.Nf3 d6 3.d4 cxd4 4.Nxd4 Nf6 5.Nc3 Nc6 6.Bc4 Na5 7.Be2 e6 8.O-O Be7
9.f4 O-O 10.Kh1 a6 11.Bf3 Qc7 12.Qe1 Rb8 13.a4 Nd7 14.b3 b6 15.Ba3 Re8 16.Rd1 Bb7
17.Nde2 Rbd8 18.Qd2 Nf6 19.Qe3 e5 20.fxe5 dxe5 21.Rxd8 Qxd8 22.Rd1 Nd7 23.Bxe7 Qxe7
24.b4 Nc6 25.Nd5 Qd8 26.Bg4 Ncb8 27.h3 Bxd5 28.Rxd5 Qc7 29.Bxd7 Nxd7 30.Qc3 Qb7
31.Qd3 Nf8 32.c3 g6 33.a5 b5 34.c4 bxc4 35.Qxc4 Rc8 36.Rc5 Rd8 37.Rc7  1-0

[Event "EU-chT (Men)"]
[Site "Debrecen"]
[Date "1992.??.??"]
[Round "1"]
[White "Leko, Peter"]
[Black "Hickl, Joerg"]
[Result "1/2-1/2"]
[WhiteElo "2385"]
[BlackElo "2515"]

1.e4 c6 2.Nc3 d5 3.Nf3 dxe4 4.Nxe4 Nf6 5.Nxf6+ gxf6 6.d4 Bg4 7.Be2 Qc7 8.Be3 Nd7
9.c4 e6 10.Qb3 a5 11.O-O a4 12.Qc2 Bg7 13.Rfd1 O-O 14.Rac1 Rfd8 15.Ne1 Bf5
16.Bd3 Bg6 17.Qe2 Qa5 18.c5 f5 19.Bc4 b5 20.cxb6 Nxb6 21.Qd2 Qa7 22.Bf1 f4
23.Bxf4 Rxd4 24.Bd3 Nd5 25.Be3 Nxe3 26.Qxe3 Qd7 27.Be2 Rd8 28.Nf3 Rd5 29.Rxd5 cxd5
30.Ne5 d4 31.Qg3 Bxe5 32.Qxe5 d3 33.Bd1 Rc8 34.Rxc8+ Qxc8 35.Qc3 Qd7 36.Kf1 h5
37.a3 Qd6 38.g3 Qd5 39.f3 h4 40.Kf2 hxg3+ 41.hxg3 Qb5 42.Qb4 Qc6 43.Ke1 Qc7
44.Qf4 Qa5+ 45.Qb4 Qh5 46.Qb8+ Kh7 47.Qf4 Kg8 48.Qb8+ Kg7 49.Qf4 Qh2 50.Qd4+ f6
51.Qf2 Qh6 52.f4 Qh1+ 53.Kd2 Qb7 54.Kc1 Qc7+ 55.Kd2 Qa5+ 56.Kc1 e5 57.fxe5 fxe5
58.Qe3 e4 59.g4 Qc7+  1/2-1/2

[Event "EU-chT (Men)"]
[Site "Debrecen"]
[Date "1992.??.??"]
[Round "2"]
[White "Mochalov, Evgeny V"]
[Black "Leko, Peter"]
[Result "1/2-1/2"]
[WhiteElo "2460"]
[BlackElo "2385"]

1.d4 Nf6 2.Nf3 g6 3.c4 Bg7 4.Nc3 d5 5.e3 O-O 6.cxd5 Nxd5 7.Bc4 Nb6 8.Bb3 Nc6
9.O-O e5 10.d5 Ne7 11.e4 Bg4 12.h3 Bxf3 13.Qxf3 c6 14.Bg5 cxd5 15.Nxd5 Nbxd5
16.Bxd5 h6 17.Bxe7 Qxe7 18.Rac1 Rac8 19.Qg4 Rxc1 20.Rxc1 Kh7 21.Rc3 Bf6 22.Qe2 Rd8
23.Qc2 Kg7 24.Qb3 Rd7 25.Qa4 b6 26.Qc2 h5 27.a3 Bg5 28.Rc6 Rd6 29.Rc7 Rd7
30.Rc6 Rd6 31.Rc3 Rd7 32.b4 Qf6 33.Rf3 Qd8 34.Rc3 Qf6 35.Rf3 Qd8 36.Qc4 Rc7
37.Rxf7+ Rxf7 38.Bxf7 Qd1+ 39.Kh2 h4 40.Qa2 Bf4+ 41.g3 hxg3+ 42.fxg3 Bd2
43.Bc4 Qe1 44.h4 Qxe4  1/2-1/2

[Event "EU-chT (Men)"]
[Site "Debrecen"]
[Date "1992.??.??"]
[Round "3"]
[White "Leko, Peter"]
[Black "Ruzele, Darius"]
[Result "1-0"]
[WhiteElo "2385"]
[BlackElo "2340"]

1.e4 e6 2.d4 d5 3.Nc3 Nf6 4.e5 Nfd7 5.f4 c5 6.Nf3 Nc6 7.Be3 cxd4 8.Nxd4 Bc5
9.Qd2 Bxd4 10.Bxd4 Nxd4 11.Qxd4 Qb6 12.O-O-O Qxd4 13.Rxd4 Ke7 14.h4 h5 15.Be2 Nb8
16.Rd2 Bd7 17.Rhd1 g6 18.b3 Bc6 19.Bf3 Nd7 20.Ne2 Rhc8 21.Nd4 Rc7 22.Kb2 Nb6
23.Rd3 Bd7 24.a4 a5 25.Be2 Rac8 26.Rh3 Bc6 27.Rg1 Rh8 28.Rc3 Nd7 29.Rh1 Rcc8
30.Rhh3 Rhg8 31.Ba6 f6 32.exf6+ Nxf6 33.Nxc6+ Rxc6 34.Bxb7 Rb6 35.Rc7+ Kd6
36.Rhc3 Ne4 37.R3c6+ Rxc6 38.Rxc6+ Kd7 39.Ra6 Kc7 40.Ba8 Rf8 41.c4 Rxf4 42.cxd5 e5
43.Rxa5 Rxh4 44.d6+ Nxd6 45.Rxe5 Kb8 46.Bd5 Rg4 47.a5 Rd4 48.Bf3 Nf5 49.Kc3 Rf4
50.Re4 Rh4 51.Rxh4 Nxh4 52.Be4  1-0

[Event "EU-chT (Men)"]
[Site "Debrecen"]
[Date "1992.??.??"]
[Round "5"]
[White "Fernandez Garcia, Jose L"]
[Black "Leko, Peter"]
[Result "1-0"]
[WhiteElo "2465"]
[BlackElo "2385"]

1.e4 Nf6 2.e5 Nd5 3.d4 d6 4.c4 Nb6 5.f4 dxe5 6.fxe5 Nc6 7.Be3 Bf5 8.Nc3 e6
9.Nf3 Be7 10.d5 exd5 11.cxd5 Nb4 12.Nd4 Bd7 13.e6 fxe6 14.dxe6 Bc6 15.Qg4 Bh4+
16.g3 Bxh1 17.O-O-O Qf6 18.Bb5+ c6 19.gxh4 h5 20.Qg3 cxb5 21.Bg5 Qg6 22.Qd6 N6d5
23.Rf1 Nd3+ 24.Kd2 Ne5 25.Qxe5 Nf6 26.Qxb5+ Kf8 27.Rxh1 Rd8 28.Kc1 Kg8 29.e7 Rc8
30.Bxf6 gxf6 31.Qf5  1-0

[Event "EU-chT (Men)"]
[Site "Debrecen"]
[Date "1992.??.??"]
[Round "8"]
[White "Nei, Iivo"]
[Black "Leko, Peter"]
[Result "1/2-1/2"]
[WhiteElo "2410"]
[BlackElo "2385"]

1.e4 c5 2.b3 b6 3.c4 Nc6 4.g3 h5 5.h3 e5 6.Nc3 Nge7 7.d3 d6 8.Nf3 Bd7 9.Nd5 Nxd5
10.exd5 Nd4 11.Nxd4 exd4 12.Qe2+ Qe7 13.Bf4 Bf5 14.O-O-O O-O-O 15.Qxe7  1/2-1/2